BIBLIOTECA

SENCICO

Memoria : (Registro nro. 121)

Detalles MARC
000 -LEADER
fixed length control field 01230nam a2200313Ia 4500
003 - CONTROL NUMBER IDENTIFIER
control field PE SENCICO BE
005 - DATE AND TIME OF LATEST TRANSACTION
control field 20251020182426.0
008 - FIXED-LENGTH DATA ELEMENTS--GENERAL INFORMATION
fixed length control field 200515s9999 xx 000 0 und d
040 ## - CATALOGING SOURCE
Original cataloging agency PE SENCICO BE
Transcribing agency PE SENCICO BE
041 ## - LANGUAGE CODE
Language code of text/sound track or separate title spa
082 ## - DEWEY DECIMAL CLASSIFICATION NUMBER
Classification number 620.135
Item number I5
110 1# - MAIN ENTRY--CORPORATE NAME
Corporate name or jurisdiction name as entry element Instituto Mexicano del Cemento y del Concreto
9 (RLIN) 1510
245 10 - TITLE STATEMENT
Title Memoria :
Remainder of title Segundo Congreso Nacional del Concreto /
Statement of responsibility, etc. Instituto Mexicano del Cemento y del Concreto
260 ## - PUBLICATION, DISTRIBUTION, ETC.
Place of publication, distribution, etc. México, D.F. :
Name of publisher, distributor, etc. Instituto Mexicano del Cemento y del Concreto ;
Date of publication, distribution, etc. 1984
300 ## - PHYSICAL DESCRIPTION
Extent 854 p. :
Other physical details il., tbl. ;
Dimensions 22 cm.
500 ## - GENERAL NOTE
General note Congreso realizado en la ciudad de México, D. F., los días 18 - 20 de octubre de 1982.
520 3# - SUMMARY, ETC.
Summary, etc. Memoria del 2do. Congreso Nacional de Concreto de México que aglutina las ponencias presentadas en dicho evento, generalmente referidos al concreto.
650 10 - SUBJECT ADDED ENTRY--TOPICAL TERM
Topical term or geographic name entry element Cemento
9 (RLIN) 551
650 20 - SUBJECT ADDED ENTRY--TOPICAL TERM
Topical term or geographic name entry element Industria del cemento
9 (RLIN) 1251
650 20 - SUBJECT ADDED ENTRY--TOPICAL TERM
Topical term or geographic name entry element Concreto
9 (RLIN) 573
650 20 - SUBJECT ADDED ENTRY--TOPICAL TERM
Topical term or geographic name entry element Congresos
9 (RLIN) 2260
650 20 - SUBJECT ADDED ENTRY--TOPICAL TERM
Topical term or geographic name entry element Arquitectura
9 (RLIN) 49
650 20 - SUBJECT ADDED ENTRY--TOPICAL TERM
Topical term or geographic name entry element Desarrollo urbano
9 (RLIN) 1318
650 20 - SUBJECT ADDED ENTRY--TOPICAL TERM
Topical term or geographic name entry element Memorias
9 (RLIN) 2262
650 20 - SUBJECT ADDED ENTRY--TOPICAL TERM
Topical term or geographic name entry element Viviendas
9 (RLIN) 77
651 #0 - SUBJECT ADDED ENTRY--GEOGRAPHIC NAME
9 (RLIN) 2263
Geographic name México
711 1# - ADDED ENTRY--MEETING NAME
9 (RLIN) 2264
Meeting name or jurisdiction name as entry element Segundo Congreso Nacional del Congreso
942 ## - ADDED ENTRY ELEMENTS (KOHA)
Koha item type Libros
Source of classification or shelving scheme Dewey Decimal Classification
Existencias
Fecha de la última vez que lo usaron Número de ingreso o de inventario Pago total Signatura topográfica completa Código de barras Precio efectivo desde Tipo de documento Estado perdido Sistema de clasificación Estado dañado No es para préstamo Retirado Ubicación permanente Ubicación actual Fecha de adquisición
15/05/2020 15991   620.135/I5 BibLima24060015 15/05/2020 Libros   Dewey Decimal Classification       Biblioteca Central Lima Biblioteca Central Lima 15/05/2020